Anorganická chémia

Bibliographic Details
Main Authors: Poláček, Štefan, 1936-2022 (Author), Kulich, Jozef, 1939-2023 (Author), Tomáš, Ján, 1948- (Author), Vollmannová, Alena, 1959- (Author)
Format: Book
Language:Slovak
PhysicalDescription:413 s. sch., tab. 24 cm
Published: Nitra Slovenská poľnohospodárska univerzita 2011
ISBN:9788055206592 (brož.)
Edition:6. nezm. vyd.
Subjects:

MARC

LEADER 00000cam a2200000 a 4500
001 vtls010331618
003 SK-MaSNL
005 20260301173431.0
008 150827s2011 xo l e p 001 0 slo
015 |a SNBA2012/02-00967 
020 |a 9788055206592 (brož.) 
035 |a 5604736D-FC81-44E9-BD63-5585DA1FB257 
035 |a urn:nbn:sk:snk-amjjfg 
035 |a urn:nbn:sk:snk-am002gv0 
040 |a SNK  |b slo  |c SNK  |e AACR2 
041 0 |a slo 
044 |a xo  |c SK 
072 7 |a 546  |x Anorganická chémia  |2 konspekt 
080 |a 546  |2 2001 
080 |a (075.8)  |2 2001 
245 0 0 |a Anorganická chémia  |c Štefan Poláček ... [et al.] 
250 |a 6. nezm. vyd. 
260 |a Nitra  |b Slovenská poľnohospodárska univerzita  |c 2011 
300 |a 413 s.  |b sch., tab.  |c 24 cm 
366 |e 200 výt. 
504 |a Bibliogr. s. 395-397. Reg. 
650 0 7 |a anorganická chémia  |2 SNKPH  |9 850 
650 0 7 |a Inorganic chemistry  |2 SNKPHeng  |9 265250 
655 7 |a učebnice vysokých škôl  |2 SNKPH  |9 70191 
655 7 |a Textbooks (higher)  |2 SNKPHeng  |9 276436 
700 1 |a Poláček, Štefan,  |d 1936-2022  |4 aut  |9 93674 
700 1 |a Kulich, Jozef,  |d 1939-2023  |4 aut  |9 118793 
700 1 |a Tomáš, Ján,  |d 1948-  |4 aut  |9 132932 
700 1 |a Vollmannová, Alena,  |d 1959-  |4 aut  |9 10573 
919 |a 978-80-552-0659-2 
958 |a OND 
968 |a 53+54 
999 |c 836645  |d 838575 
952 |a SNK  |b SNK  |y PREZ  |7 0  |p 17A0834167  |o snkSC 147596  |i snk2011/24778  |8 0  |0 0  |1 0  |4 0  |d 2011-12-20  |l 0  |r 2025-07-16 00:00:00  |w 2026-02-24 
952 |a SNK  |b SNK  |y VYP  |7 0  |p 17A0834168  |o snkSC 147596 D1  |i snk2011/24779  |8 0  |0 0  |1 0  |4 0  |d 2011-12-20  |f 1  |l 0  |r 2026-02-24 03:57:02  |w 2026-02-24